书目信息 |
| 题名: |
图书馆古籍整理工作
|
|
| 作者: | 王世伟 主编 | |
| 分册: | ||
| 出版信息: | 北京 北京图书馆出版社 2000 |
|
| 页数: | 209页 | |
| 开本: | 20cm | |
| 丛书名: | ||
| 单 册: | ||
| 中图分类: | G255.1 | |
| 科图分类: | ||
| 主题词: | 古籍整理--职业教育--教材 , 古籍整理 | |
| 电子资源: | ||
| ISBN: | 7-5013-1696-1 | |
| 000 | 00824nam0 2200253 45 | |
| 001 | 012000053907 | |
| 005 | 20051027112339.23 | |
| 010 | @a7-5013-1696-1@dCNY10.50 | |
| 092 | @aCN | |
| 100 | @a20001120d2000 ekmy0chiy0121 ea | |
| 101 | 0 | @achi |
| 102 | @aCN@b110000 | |
| 105 | @ay z 000yy | |
| 200 | 1 | @a图书馆古籍整理工作@9tu shu guan gu ji zheng li gong zuo@f王世伟主编@Fwang shi wei zhu bian |
| 210 | @a北京@c北京图书馆出版社@d2000 | |
| 215 | @a209页@d20cm | |
| 300 | @a图书馆岗位培训教材 | |
| 330 | @a本书对图书馆古籍的载体与形制,古籍的收藏保护与流通阅览工作,古籍整理工作的现代化、古籍的开发与利用等进行了详细的论述。 | |
| 606 | 0 | @a古籍整理@x职业教育@j教材 |
| 606 | 0 | @a古籍整理 |
| 690 | @aG255.1@v4 | |
| 701 | 0 | @a王世伟@Awang shi wei@4主编 |
| 801 | 0 | @aCN@bTSSF@c20051027 |
| 905 | @a10447@dG255.1@e22 | |
| 图书馆古籍整理工作/王世伟主编.-北京:北京图书馆出版社,2000 |
| 209页;20cm |
| 图书馆岗位培训教材 |
| ISBN 7-5013-1696-1:CNY10.50 |
| 本书对图书馆古籍的载体与形制,古籍的收藏保护与流通阅览工作,古籍整理工作的现代化、古籍的开发与利用等进行了详细的论述。 |
| ● |
| 相关链接 |
|
|
|
|
正题名:图书馆古籍整理工作
索取号:G255.1/22
 
预约/预借
| 序号 | 登录号 | 条形码 | 馆藏地/架位号 | 状态 | 备注 |
| 1 | 0336991 | 203369915 | 第一样本阅览室/ [索取号:G255.1/22] | 在馆 |